01576cam a22003494a 450000100090000000300050000900500170001400800410003101000170007202000280008903500200011704000230013704200080016005000220016808200160019010000230020624500830022926000600031230000340037250400510040650503480045765000280080565000230083365000290085665000230088570000370090885600910094590600450103694200120108199900190109395201140111213799537NUST20241115120341.0041123s2005 ne a b 001 0 eng  a 2004028087 a0126990573 (alk. paper) a(DNLM)101234761 aDNLM/DLCcDLCdDLC apcc00aRB155b.T728 200500a616.0422221 aTrent, R. J.9633810aMolecular medicine :bGenomics to Personalized Health Care /cRonald J. Trent. aAmsterdam ;aBoston :bElsevier Academic Press,cc2012. avii, 336 p. :bill. ;c24 cm. aIncludes bibliographical references and index.0 aGenes to personalized -- Genes Environment and Inheritance -- DNA Genetic Testing -- Omics --Delivering Genetics and Genomics Direct to Consumer -- Public Health, Communicable Diseases, and Global Health -- Development Aging and Cancer -- Molecular and Cellular Therapies -- Forensic science and medicine -- Ethical, legal, and social issues. 0aMedical genetics.96339 0aMolecular biology.12aGenetics, Medical.9634012aMolecular Biology. 4Catalouge By Rani Shaista Kanwal423Publisher descriptionuhttp://www.loc.gov/catdir/enhancements/fy0617/2004028087-d.html a7bcbccorignewd1eecipf20gy-gencatlg 2ddccBK c612315d612315 00102ddc4070aASABbASABcCARTd2024-11-15l0o616.042 TRE 2012 3516pASAB3516r2024-11-15w2024-11-15yBK